[Event "St Petersburg Summer op"]
[Site "St Petersburg"]
[Date "2016.08.21"]
[Round "5"]
[White "Delevic, Nina"]
[Black "Bobolev, Stanislav"]
[Result "0-1"]
[WhiteElo "1776"]
[BlackElo "1604"]
[PlyCount "62"]
[EventDate "2016.08.17"]
[EventType "swiss"]
[EventRounds "9"]
[EventCountry "RUS"]
[SourceTitle "CBM 174 Extra"]
[Source "ChessBase"]
[SourceDate "2016.10.10"]
[SourceVersion "1"]
[SourceVersionDate "2016.10.10"]
[SourceQuality "1"]

1. d4 Nf6 2. Nf3 g6 3. g3 Bg7 4. Bg2 0-0 5. 0-0 d6 6. c3 Nbd7 7. Bg5 h6 8. Bf4 Nd5 9. Bd2 N5f6 10. Qc1 Kh7 11. Nh4 e5 12. dxe5 Nxe5 13. f4 Nc4 14. Be1 Qe7 15. b3 Ne3 16. Rf3 Nxg2 17. Nxg2 Qxe2 18. Re3 Qb5 19. Na3 Qc6 20. Nc4 Bh3 21. Qc2 Nd5 22. Re2 Rae8 23. Nge3 Nxe3 24. Nxe3 Qf3 25. Bf2 Bxc3 26. Rd1 Bd4 27. Qd3 Re4 28. Rde1 Rfe8 29. Qc4 Kg8 30. Qd3 Bxe3 31. Bxe3 Rxe3 0-1

[Event "St Petersburg Summer op"]
[Site "St Petersburg"]
[Date "2016.08.17"]
[Round "1"]
[White "Bobolev, Stanislav"]
[Black "Ustinov, Alexey"]
[Result "0-1"]
[WhiteElo "1604"]
[BlackElo "2117"]
[PlyCount "64"]
[EventDate "2016.08.17"]
[EventType "swiss"]
[EventRounds "9"]
[EventCountry "RUS"]
[SourceTitle "CBM 174 Extra"]
[Source "ChessBase"]
[SourceDate "2016.10.10"]
[SourceVersion "1"]
[SourceVersionDate "2016.10.10"]
[SourceQuality "1"]

1. e4 d5 2. exd5 Qxd5 3. Nc3 Qa5 4. d4 Nf6 5. Bc4 Bg4 6. f3 Bh5 7. Nge2 Nc6 8. Bd2 Qb4 9. Bb5 0-0-0 10. Bxc6 bxc6 11. 0-0 e6 12. Ne4 Qxb2 13. Bc3 Qb5 14. Rb1 Qa6 15. Qd3 Qxd3 16. cxd3 Nd5 17. Rfc1 Be7 18. Ba5 Kd7 19. Rb7 Ra8 20. Nf4 Nxf4 21. Rxc7+ Ke8 22. R1xc6 Nd5 23. Rc8+ Kd7 24. Rxh8 Rxh8 25. Ra6 Ra8 26. Nc5+ Bxc5 27. dxc5 Bg6 28. c6+ Kc8 29. c7 Kb7 30. Rd6 Nxc7 31. Rd7 Rc8 32. d4 Kc6 0-1